[Event "London league"]
[Site "?"]
[Date "1986.04.14"]
[Round "?"]
[White "Marden, L."]
[Black "Stebbings, A."]
[Result "0-1"]
[WhiteElo "1912"]
[BlackElo "2240"]
[PlyCount "60"]
[EventDate "1986.??.??"]

1. d4 Nf6 2. c4 e6 3. Nc3 Bb4 4. a3 Bxc3+ 5. bxc3 b6 6. f3 Nc6 7. e4 Ba6 8. Bd3
Na5 9. e5 Ng8 10. Qe2 d5 11. cxd5 Bxd3 12. Qxd3 Qxd5 13. Nh3 Ne7 14. Ng5 c5 15.
Ne4 cxd4 16. cxd4 O-O 17. Be3 Nf5 18. O-O Nc4 19. Nc3 Qd7 20. Qxc4 Nxe3 21. Qd3
Nxf1 22. Rxf1 f6 23. exf6 Rxf6 24. Rd1 Rd8 25. Ne4 Rf5 26. Nc3 a6 27. Qe3 b5
28. h4 Qf7 29. Ne4 Rfd5 30. Ng5 Qf6 0-1

[Event "Kent league"]
[Site "?"]
[Date "1986.04.20"]
[Round "?"]
[White "Stebbings, A."]
[Black "Smith, AJ."]
[Result "1-0"]
[WhiteElo "2240"]
[BlackElo "1960"]
[PlyCount "101"]
[EventDate "1986.??.??"]

1. d4 Nf6 2. c4 e6 3. Nc3 d5 4. Bg5 Be7 5. e3 O-O 6. Nf3 Nbd7 7. Rc1 c6 8. Bd3
dxc4 9. Bxc4 Nd5 10. Bxe7 Qxe7 11. O-O Nxc3 12. Rxc3 e5 13. Qc2 e4 14. Nd2 Nf6
15. Rb1 Bf5 16. b4 Rad8 17. b5 Nd5 18. Rcb3 c5 19. dxc5 Qxc5 20. Nxe4 Qe7 21.
f3 Bxe4 22. Qxe4 Qxe4 23. fxe4 Nf6 24. e5 Ne4 25. e6 fxe6 26. Bxe6+ Kh8 27. Ra3
Rf6 28. Bg4 a6 29. bxa6 Rxa6 30. Rxa6 bxa6 31. Rb6 g6 32. Rxa6 Rd3 33. h3 Nc3
34. Bf3 Rxe3 35. a4 Re7 36. a5 Kg7 37. Rb6 Re1+ 38. Kf2 Ra1 39. a6 Kh6 40. Ke3
Ra5 41. Kd4 Na4 42. Rc6 Nc5 43. Rxc5 Rxa6 44. Rc7 Rf6 45. Bd5 Rf4+ 46. Ke5 Rf5+
47. Ke4 Rf2 48. Ke3 Rb2 49. h4 Rb8 50. g4 Rb3+ 51. Bxb3 1-0

[Event "Team match"]
[Site "London"]
[Date "1986.04.24"]
[Round "?"]
[White "MilnerBarry, P."]
[Black "Stebbings, A."]
[Result "1/2-1/2"]
[WhiteElo "2064"]
[BlackElo "2240"]
[PlyCount "61"]
[EventDate "1986.??.??"]

1. e4 c5 2. c3 Nf6 3. e5 Nd5 4. d4 cxd4 5. Bc4 Nb6 6. Bb3 d6 7. exd6 Qxd6 8.
cxd4 g6 9. Qf3 Be6 10. Bxe6 Qxe6+ 11. Ne2 Nc6 12. O-O Bg7 13. Nbc3 Rd8 14. Be3
O-O 15. Rfd1 Qd7 16. Rac1 Rc8 17. Qf4 Nb4 18. Qh4 Nc4 19. b3 Nxe3 20. fxe3 Bf6
21. Qf4 Nd5 22. Nxd5 Qxd5 23. Qg4 e6 24. Nc3 Qa5 25. Ne4 Be7 26. Qe2 Rfd8 27.
Rc2 Rxc2 28. Qxc2 Rd7 29. Qc8+ Qd8 30. Qxd8+ Bxd8 31. Rc1 1/2-1/2

[Event "County match"]
[Site "?"]
[Date "1986.04.26"]
[Round "?"]
[White "Buckmaster, M."]
[Black "Stebbings, A."]
[Result "1/2-1/2"]
[WhiteElo "2120"]
[BlackElo "2240"]
[PlyCount "57"]
[EventDate "1986.??.??"]

1. d4 Nf6 2. Bg5 c5 3. d5 Ne4 4. Bf4 Qb6 5. Bc1 d6 6. f3 Nf6 7. e4 e6 8. Nc3
exd5 9. exd5 Be7 10. Bb5+ Bd7 11. a4 Na6 12. Nge2 O-O 13. O-O Bxb5 14. axb5 Nb4
15. Be3 a6 16. Ra4 Qc7 17. Qd2 axb5 18. Nxb5 Qd7 19. Rxa8 Rxa8 20. c4 Nfxd5 21.
Rd1 Nxe3 22. Qxe3 Qe6 23. Qe4 Qxe4 24. fxe4 Ra2 25. Nxd6 Rxb2 26. Nf4 g5 27.
Nf5 gxf4 28. Nxe7+ Kg7 29. Rd6 1/2-1/2

[Event "Essex league"]
[Site "?"]
[Date "1986.04.30"]
[Round "?"]
[White "Thomas, B."]
[Black "Stebbings, A."]
[Result "0-1"]
[WhiteElo "2096"]
[BlackElo "2240"]
[PlyCount "72"]
[EventDate "1986.??.??"]

1. d4 Nf6 2. Nc3 d5 3. Bg5 Nbd7 4. e3 e6 5. Nf3 c5 6. Ne5 Qa5 7. Bxf6 gxf6 8.
Nxd7 Bxd7 9. Be2 cxd4 10. Qxd4 Bg7 11. O-O O-O 12. e4 f5 13. e5 f6 14. f4 fxe5
15. fxe5 Qc7 16. Rad1 Bxe5 17. Qh4 Bxc3 18. bxc3 Qxc3 19. Rf3 Qf6 20. Qg3+ Kh8
21. Qd6 Bc6 22. Re3 Rfe8 23. Bh5 Rad8 24. Qc7 Rd7 25. Qe5 Qxe5 26. Rxe5 Ree7
27. Rde1 d4 28. Rxe6 Rxe6 29. Rxe6 Be4 30. Re8+ Kg7 31. Rc8 Rd6 32. Rc7+ Kf6
33. Rxh7 Bxc2 34. Rxb7 Ra6 35. Rb2 d3 36. Kf2 Re6 0-1

[Event "Kent league"]
[Site "?"]
[Date "1986.05.18"]
[Round "?"]
[White "Stebbings, A."]
[Black "Wallace, A."]
[Result "1-0"]
[WhiteElo "2224"]
[BlackElo "1760"]
[PlyCount "67"]
[EventDate "1986.??.??"]

1. d4 d5 2. c4 dxc4 3. Nf3 Nf6 4. e3 g6 5. Bxc4 Bg7 6. Nc3 O-O 7. O-O Nfd7 8.
e4 Nb6 9. Be2 Bg4 10. Be3 Nc6 11. d5 Bxf3 12. gxf3 Ne5 13. Qb3 Qc8 14. Kg2 Kh8
15. Nb5 f5 16. Rac1 fxe4 17. fxe4 c6 18. Nxa7 Rxa7 19. Bxb6 Ra8 20. Bd4 Rf4 21.
f3 Qd7 22. Rfd1 Rh4 23. f4 Ng4 24. Bxg7+ Kxg7 25. h3 Nf2 26. dxc6 Qxh3+ 27.
Qxh3 Nxh3 28. cxb7 Rb8 29. Ba6 Nxf4+ 30. Kg3 g5 31. Rc8 Rh3+ 32. Kf2 Rh2+ 33.
Ke3 Rh3+ 34. Kd4 1-0

[Event "County match"]
[Site "?"]
[Date "1986.07.05"]
[Round "?"]
[White "Crawley, G."]
[Black "Stebbings, A."]
[Result "0-1"]
[WhiteElo "2416"]
[BlackElo "2224"]
[PlyCount "92"]
[EventDate "1986.??.??"]

1. Nf3 d5 2. c4 c6 3. b3 Bg4 4. Ne5 Bh5 5. d4 e6 6. g4 Bg6 7. Nc3 Nd7 8. h4
Nxe5 9. dxe5 h5 10. cxd5 cxd5 11. e4 Bb4 12. Qd4 Qb6 13. Be3 Bxe4 14. Rg1 Rc8
15. Rc1 hxg4 16. f3 Bxf3 17. Kf2 Qxd4 18. Bb5+ Kf8 19. Bxd4 Ne7 20. Na4 Nc6 21.
Nc5 Nxd4 22. Nxe6+ Ke7 23. Nxd4 Bc5 24. Ke3 Rh5 25. Kf4 a6 26. Nxf3 gxf3 27.
Bd3 Rxh4+ 28. Rg4 Rh3 29. Bf1 Rh2 30. Kxf3 Rf2+ 31. Kg3 Rxa2 32. Rd1 Rb2 33.
Rd3 g6 34. Bg2 Bf2+ 35. Kf4 d4 36. Bxb7 Rc5 37. Bxa6 Re2 38. Rf3 Be3+ 39. Kg3
Re1 40. Bc4 Rg1+ 41. Kh3 Rxg4 42. Rxf7+ Ke8 43. Kxg4 Rxc4 44. Rg7 Rb4 45. Rxg6
Rxb3 46. Kf5 d3 0-1

[Event "County match"]
[Site "?"]
[Date "1986.09.27"]
[Round "?"]
[White "Hollis, G."]
[Black "Stebbings, A."]
[Result "1-0"]
[WhiteElo "2016"]
[BlackElo "2224"]
[PlyCount "79"]
[EventDate "1986.??.??"]

1. e4 c5 2. Nc3 Nc6 3. f4 e6 4. Nf3 a6 5. a4 Nge7 6. d3 d6 7. g3 g6 8. Bg2 Bg7
9. O-O O-O 10. Kh1 b6 11. Ne2 Bb7 12. g4 f5 13. gxf5 exf5 14. Ng5 Qd7 15. c3 d5
16. e5 h6 17. Nf3 Nd8 18. d4 a5 19. Rg1 Ne6 20. Qe1 Ba6 21. Bf1 Rfc8 22. Be3
Bd3 23. Ng3 Bxf1 24. Qxf1 Qb7 25. Qg2 Qa6 26. Rad1 Qc4 27. Nh4 Rc7 28. Nxg6
Nxg6 29. Nxf5 Ngxf4 30. Bxf4 Nxf4 31. Qg4 Ne6 32. Nd6 Qxa4 33. Qxe6+ Kh7 34.
Qg6+ Kg8 35. Nf5 Qd7 36. Nxg7 Qxg7 37. Qe6+ Kh8 38. Rxg7 Rxg7 39. Qxh6+ Kg8 40.
Qe6+ 1-0

[Event "London league"]
[Site "?"]
[Date "1986.10.06"]
[Round "?"]
[White "Stebbings, A."]
[Black "Hennigan, M."]
[Result "1/2-1/2"]
[WhiteElo "2224"]
[BlackElo "2232"]
[PlyCount "98"]
[EventDate "1986.??.??"]

1. d4 Nf6 2. c4 g6 3. Nc3 Bg7 4. e4 d6 5. f3 O-O 6. Be3 Nc6 7. Qd2 a6 8. Nge2
Rb8 9. h4 b5 10. h5 e5 11. d5 Na5 12. Ng3 bxc4 13. O-O-O Bd7 14. Nb1 c6 15.
dxc6 Bxc6 16. hxg6 fxg6 17. Qxd6 Qxd6 18. Rxd6 Rfc8 19. Be2 Ne8 20. Rd2 Nc7 21.
Rc2 Ba4 22. Bxc4+ Nxc4 23. Rxc4 Nd5 24. Nc3 Rxc4 25. exd5 Bd7 26. Rd1 Rcb4 27.
Rd2 e4 28. Ngxe4 Bf5 29. b3 Rc8 30. Rc2 Bxe4 31. Nxe4 Rxc2+ 32. Kxc2 Rb8 33.
Kd3 Kf7 34. Kc4 Rc8+ 35. Bc5 Bf8 36. b4 h6 37. a4 g5 38. d6 Ke6 39. b5 axb5+
40. axb5 g4 41. b6 gxf3 42. gxf3 h5 43. Kb5 Kd5 44. b7 Rxc5+ 45. Nxc5 Bxd6 46.
Ne4 Bb8 47. Nf6+ Ke6 48. Nxh5 Kf5 49. Ng7+ Kf6 1/2-1/2

[Event "Kent league"]
[Site "?"]
[Date "1986.10.09"]
[Round "?"]
[White "Stebbings, A."]
[Black "Davis, D."]
[Result "1-0"]
[WhiteElo "2224"]
[BlackElo "1872"]
[PlyCount "55"]
[EventDate "1986.??.??"]

1. d4 d5 2. c4 e6 3. Nc3 c6 4. e3 Nf6 5. Nf3 Nbd7 6. Qc2 Be7 7. Bd2 O-O 8.
O-O-O Qc7 9. Kb1 e5 10. cxd5 exd4 11. dxc6 Qxc6 12. Nxd4 Qc7 13. Nf5 Re8 14.
Nb5 Qxc2+ 15. Kxc2 Nb6 16. Nxe7+ Rxe7 17. Bb4 Bf5+ 18. Bd3 Rc8+ 19. Kb1 Bxd3+
20. Rxd3 Rd7 21. Rxd7 Nbxd7 22. Nxa7 Rc4 23. a3 h5 24. Rd1 Kh7 25. Nb5 Kg6 26.
f3 Ne5 27. e4 Nc6 28. b3 1-0

[Event "County match"]
[Site "?"]
[Date "1986.10.18"]
[Round "?"]
[White "Singh, S."]
[Black "Stebbings, A."]
[Result "1/2-1/2"]
[WhiteElo "2176"]
[BlackElo "2224"]
[PlyCount "80"]
[EventDate "1986.??.??"]

1. e4 c5 2. Nf3 e6 3. d4 cxd4 4. Nxd4 Nc6 5. Nc3 a6 6. Be2 Qc7 7. O-O Nf6 8.
Kh1 Bb4 9. Qd3 O-O 10. f4 d6 11. Nb3 Bd7 12. Bd2 Na5 13. a3 Nxb3 14. cxb3 Bc5
15. Rac1 Bc6 16. b4 Bb6 17. Bf3 Qd7 18. Rfd1 Rfd8 19. Be1 d5 20. e5 Ne4 21.
Bxe4 dxe4 22. Qe2 Qe7 23. Nxe4 Rxd1 24. Rxd1 Rd8 25. Rxd8+ Qxd8 26. Nd6 Qd7 27.
Bc3 h6 28. h3 Kf8 29. Qg4 Bc7 30. Bd4 f6 31. Qg6 Bxd6 32. exd6 Qf7 33. Qh7 Qg8
34. Qc2 Qf7 35. Bc5 Kg8 36. Kh2 Qh5 37. Qc4 Qd5 38. Qxd5 exd5 39. g3 Kf7 40.
Kg2 Ke6 1/2-1/2

[Event "London league"]
[Site "?"]
[Date "1986.10.22"]
[Round "?"]
[White "Lee, G."]
[Black "Stebbings, A."]
[Result "1-0"]
[WhiteElo "2312"]
[BlackElo "2224"]
[PlyCount "67"]
[EventDate "1986.??.??"]

1. e4 c5 2. c3 Nf6 3. e5 Nd5 4. d4 cxd4 5. Nf3 d6 6. Bc4 e6 7. cxd4 Nc6 8. a3
Be7 9. O-O O-O 10. Qe2 b6 11. Bd3 Bb7 12. Bd2 Rc8 13. Nc3 Nxc3 14. Bxc3 dxe5
15. dxe5 Na5 16. Rad1 Qc7 17. Nd2 Rfd8 18. Ne4 Bd5 19. Nf6+ Bxf6 20. exf6 g6
21. Qe3 Kh8 22. Qh6 Rg8 23. Ba6 Qc6 24. Bxc8 Qxc8 25. Qg5 Nc4 26. Rxd5 exd5 27.
Qxd5 Qc7 28. Re1 Rd8 29. Re7 h6 30. Rxc7 Rxd5 31. g3 Nd2 32. Rxf7 Ne4 33. Rf8+
Kh7 34. f7 1-0

[Event "London league"]
[Site "?"]
[Date "1986.10.30"]
[Round "?"]
[White "Kenworthy, G."]
[Black "Stebbings, A."]
[Result "1/2-1/2"]
[WhiteElo "2264"]
[BlackElo "2224"]
[PlyCount "85"]
[EventDate "1986.??.??"]

1. e4 c5 2. d4 cxd4 3. Nf3 e6 4. Nxd4 Nc6 5. Nc3 a6 6. g3 Nge7 7. Nb3 b5 8. Bg2
d6 9. O-O Ng6 10. a4 b4 11. Ne2 Be7 12. a5 Nge5 13. Ned4 Bd7 14. f4 Ng6 15.
Nxc6 Bxc6 16. Nd4 Bd7 17. h4 Bf6 18. h5 Ne7 19. Be3 O-O 20. e5 dxe5 21. fxe5
Bxe5 22. Bxa8 Qxa8 23. Nf3 Bxb2 24. Qxd7 Nf5 25. Rae1 Nxg3 26. Rf2 Bc3 27. Rd1
Ne4 28. Qa7 Nxf2 29. Qxa8 Nh3+ 30. Kg2 Rxa8 31. Kxh3 f5 32. Bb6 e5 33. Nh4 Rf8
34. Bc5 Rf6 35. Rd8+ Kf7 36. Rd7+ Kg8 37. Be7 Rh6 38. Nxf5 Rxh5+ 39. Kg4 Rh2
40. Bc5 h5+ 41. Kf3 e4+ 42. Kxe4 Rxc2 43. Rb7 1/2-1/2

[Event "County match"]
[Site "?"]
[Date "1986.11.08"]
[Round "?"]
[White "Twyble, M."]
[Black "Stebbings, A."]
[Result "1-0"]
[WhiteElo "2008"]
[BlackElo "2224"]
[PlyCount "28"]
[EventDate "1986.??.??"]

1. d4 Nf6 2. c4 e6 3. Nc3 Bb4 4. f3 c5 5. d5 Nh5 6. g3 Bxc3+ 7. bxc3 f5 8. e4
f4 9. dxe6 Qf6 10. Ne2 fxg3 11. Bg2 gxh2 12. Rxh2 g6 13. Qd6 dxe6 14. Qxc5 e5
1-0

[Event "Kent league"]
[Site "?"]
[Date "1986.11.18"]
[Round "?"]
[White "Stebbings, A."]
[Black "Taylor, D."]
[Result "1/2-1/2"]
[WhiteElo "2224"]
[BlackElo "2040"]
[PlyCount "70"]
[EventDate "1986.??.??"]

1. d4 Nf6 2. c3 d5 3. Bg5 Ne4 4. Bh4 g5 5. Bg3 Nc6 6. Nd2 Nxd2 7. Qxd2 Rg8 8.
Qc2 h6 9. e3 Bg7 10. Bb5 Bd7 11. Nf3 Nb8 12. Bd3 Be6 13. Qb3 Qc8 14. c4 c6 15.
Rc1 Nd7 16. O-O dxc4 17. Bxc4 Bxc4 18. Rxc4 g4 19. Nd2 Nb6 20. Rc5 Bh8 21. Rfc1
Qd7 22. a4 Rg6 23. a5 Nd5 24. e4 Bxd4 25. exd5 Bxc5 26. Rxc5 Kf8 27. Nc4 Qf5
28. h4 gxh3 29. Ne5 h2+ 30. Kxh2 Qh5+ 31. Kg1 Rxg3 32. Nd7+ Ke8 33. Qxg3 Qd1+
34. Kh2 Qh5+ 35. Kg1 Qd1+ 1/2-1/2

[Event "National Club ch."]
[Site "?"]
[Date "1986.11.23"]
[Round "?"]
[White "Stebbings, A."]
[Black "Doye, P."]
[Result "1-0"]
[WhiteElo "2224"]
[BlackElo "1896"]
[PlyCount "80"]
[EventDate "1986.??.??"]

1. d4 Nf6 2. c4 g6 3. Nc3 d5 4. Bf4 Bg7 5. Rc1 O-O 6. e3 c5 7. dxc5 Qa5 8. cxd5
Ne4 9. Bc4 Nxc3 10. bxc3 Bxc3+ 11. Kf1 Bg7 12. Nf3 Nd7 13. c6 Nb6 14. Bb3 bxc6
15. dxc6 Ba6+ 16. Kg1 Rfd8 17. Qc2 Bd3 18. Qc5 Qxc5 19. Rxc5 Be2 20. h3 Rac8
21. Ng5 e6 22. Nxe6 fxe6 23. Bxe6+ Kf8 24. Bxc8 Nxc8 25. Kh2 Rd2 26. a4 Bf6 27.
Rb1 Be7 28. Ra5 Rc2 29. c7 Bc4 30. Rb8 Be6 31. Rxa7 Kf7 32. Ra6 Bd7 33. Kg3 g5
34. Be5 Rc5 35. f4 gxf4+ 36. exf4 Rc2 37. Kf3 Rc4 38. a5 Rc5 39. Ke3 Rc2 40.
Raa8 Bc5+ 1-0

[Event "Kent league"]
[Site "?"]
[Date "1986.12.02"]
[Round "?"]
[White "Cummings, N."]
[Black "Stebbings, A."]
[Result "0-1"]
[WhiteElo "1840"]
[BlackElo "2224"]
[PlyCount "62"]
[EventDate "1986.??.??"]

1. e4 c5 2. Nf3 e6 3. b4 b6 4. bxc5 bxc5 5. Bc4 Nc6 6. O-O d6 7. Re1 Nf6 8. c3
Be7 9. d4 O-O 10. e5 Nd5 11. Qe2 Rb8 12. Qe4 cxd4 13. Bd3 g6 14. Bh6 Re8 15.
cxd4 Ndb4 16. a3 Nxd3 17. Qxd3 dxe5 18. Nxe5 Qxd4 19. Qc3 Qxc3 20. Nxc3 Nxe5
21. Rxe5 Bf6 22. Re3 Bd4 23. Rd3 e5 24. Re1 Ba6 25. Rf3 f5 26. Nd5 e4 27. Rh3
Rb2 28. Be3 Bxe3 29. Rhxe3 Rd8 30. Nb4 Bb7 31. g3 a5 0-1

[Event "London league"]
[Site "?"]
[Date "1986.12.15"]
[Round "?"]
[White "Franklin, M."]
[Black "Stebbings, A."]
[Result "1/2-1/2"]
[WhiteElo "2288"]
[BlackElo "2224"]
[PlyCount "65"]
[EventDate "1986.??.??"]

1. d4 Nf6 2. Nf3 e6 3. e3 b6 4. Nbd2 Bb7 5. Bd3 c5 6. c3 Nc6 7. O-O cxd4 8.
exd4 Be7 9. Re1 O-O 10. Ne4 Qc7 11. Nxf6+ Bxf6 12. Ng5 g6 13. Qg4 Bg7 14. Qh3
h6 15. Nf3 Kh7 16. Re4 Ne7 17. Rh4 Ng8 18. Bf4 d6 19. Qg3 Rad8 20. Ng5+ Kh8 21.
Re1 e5 22. Bd2 Bf6 23. f4 exd4 24. cxd4 Rde8 25. f5 Rxe1+ 26. Qxe1 Kg7 27. fxg6
Qc6 28. d5 Qxd5 29. Be4 Qc5+ 30. Be3 Bd4 31. Bxd4+ Qxd4+ 32. Kh1 hxg5 33. Rh7+
1/2-1/2

[Event "County match"]
[Site "?"]
[Date "1987.01.31"]
[Round "?"]
[White "Stebbings, A."]
[Black "Inwood, K."]
[Result "1/2-1/2"]
[WhiteElo "2224"]
[BlackElo "2024"]
[PlyCount "83"]
[EventDate "1987.??.??"]

1. d4 Nf6 2. c4 e6 3. Nc3 Bb4 4. e3 O-O 5. Nge2 d5 6. a3 Be7 7. cxd5 exd5 8.
Nf4 b6 9. Bd3 Re8 10. O-O Ba6 11. Bxa6 Nxa6 12. Qa4 Nb8 13. Ncxd5 Nxd5 14. Nxd5
Bd6 15. Nc3 Nd7 16. e4 c5 17. Rd1 Re6 18. Be3 cxd4 19. Qxd4 Nc5 20. Qd5 Qe8 21.
b4 Be5 22. bxc5 Bxc3 23. Ra2 bxc5 24. Qxc5 Qa4 25. Rc1 Rc6 26. Qd5 Rac8 27. g3
Rc4 28. Rac2 Qxa3 29. Qd3 h6 30. Bd2 Rd4 31. Rxc3 Rxd3 32. Rxa3 Rxc1+ 33. Bxc1
Rd1+ 34. Kg2 Rxc1 35. Rxa7 Rc3 36. g4 g5 37. Ra5 Kg7 38. Rf5 Rc4 39. f3 f6 40.
h4 Rc2+ 41. Kg3 Re2 42. Rd5 1/2-1/2

[Event "Eastman cup"]
[Site "London"]
[Date "1987.02.01"]
[Round "?"]
[White "Jones, C."]
[Black "Stebbings, A."]
[Result "0-1"]
[WhiteElo "2096"]
[BlackElo "2224"]
[PlyCount "54"]
[EventDate "1987.??.??"]

1. e4 c5 2. c3 Nf6 3. e5 Nd5 4. d4 cxd4 5. Qxd4 e6 6. Bc4 Nc6 7. Qe4 Nde7 8.
Nf3 Ng6 9. O-O Qc7 10. Re1 b6 11. Qe2 Bb7 12. b4 Ngxe5 13. Nxe5 Nxe5 14. Bb3
Ng6 15. Na3 Bd6 16. h3 Nh4 17. f3 Be7 18. Nb5 Qg3 19. Rf1 a6 20. Nd4 Bd6 21.
Rd1 Qh2+ 22. Kf1 Qh1+ 23. Kf2 Qxg2+ 24. Ke3 Qg5+ 25. Kf2 Qg3+ 26. Ke3 Bf4+ 27.
Kd3 Qg6+ 0-1

[Event "Kent league"]
[Site "?"]
[Date "1987.02.05"]
[Round "?"]
[White "Trangmar, L."]
[Black "Stebbings, A."]
[Result "0-1"]
[WhiteElo "1808"]
[BlackElo "2224"]
[PlyCount "95"]
[EventDate "1987.??.??"]

1. d4 Nf6 2. Nf3 e6 3. e3 b6 4. g3 Be7 5. Nbd2 c5 6. Bg2 Ba6 7. c4 O-O 8. O-O
d5 9. Qc2 Nc6 10. a3 cxd4 11. Nxd4 Na5 12. b4 Nxc4 13. Nxc4 Bxc4 14. Nc6 Qc7
15. Nxe7+ Qxe7 16. Rd1 Rac8 17. Bb2 Bf1 18. Qd2 Bxg2 19. Kxg2 Rc4 20. Rac1 Ne4
21. Qd3 Rfc8 22. Rxc4 Rxc4 23. Rc1 Nd6 24. h4 Rxc1 25. Bxc1 Qc7 26. Bb2 Qc4 27.
Qd1 h6 28. Kg1 Qe4 29. Qa1 f6 30. Bxf6 gxf6 31. Qxf6 Nf7 32. Qe7 a5 33. bxa5
bxa5 34. Qe8+ Kg7 35. Qd7 e5 36. Qa7 a4 37. Qd7 Qc4 38. h5 Qc1+ 39. Kg2 Qxa3
40. Qg4+ Kf6 41. Qf3+ Ke6 42. Qg4+ Ke7 43. Qg6 Qb4 44. Qc6 Qc4 45. Qb7+ Kf8 46.
Qb8+ Kg7 47. f4 Qe2+ 48. Kh3 0-1

[Event "London league"]
[Site "?"]
[Date "1987.02.11"]
[Round "?"]
[White "Kinsman, A."]
[Black "Stebbings, A."]
[Result "0-1"]
[WhiteElo "2192"]
[BlackElo "2224"]
[PlyCount "104"]
[EventDate "1987.??.??"]

1. d4 Nf6 2. c4 e6 3. g3 Bb4+ 4. Bd2 Qe7 5. Bg2 Nc6 6. Nf3 Bxd2+ 7. Nbxd2 d6 8.
O-O O-O 9. e4 a5 10. b3 e5 11. d5 Nb8 12. Ne1 Na6 13. a3 c6 14. Nd3 Bg4 15. f3
Bd7 16. Rf2 cxd5 17. cxd5 Bb5 18. Nb2 Rfc8 19. Ndc4 Qc7 20. Bf1 Bd7 21. a4 Nc5
22. Rc1 Rab8 23. Kg2 b5 24. Na3 bxa4 25. bxa4 Rb4 26. Nb5 Qb8 27. Rfc2 Rd8 28.
Bc4 Nxa4 29. Nxa4 Rxa4 30. Rb1 Rb4 31. Qf1 Qc8 32. Qc1 Qc5 33. Be2 Qb6 34. Rxb4
axb4 35. Qb1 Ne8 36. Qxb4 Rb8 37. f4 exf4 38. e5 fxg3 39. hxg3 dxe5 40. d6 Bxb5
41. Qxb5 Qxb5 42. Bxb5 Nxd6 43. Be2 Kf8 44. Rc7 Rb7 45. Rc6 Ke7 46. Ba6 Ra7 47.
Bd3 f5 48. Rc2 Ke6 49. Kf2 g5 50. Rb2 e4 51. Bf1 Ra3 52. Bh3 Rf3+ 0-1

[Event "Kent league"]
[Site "?"]
[Date "1987.02.19"]
[Round "?"]
[White "Chandler, C."]
[Black "Stebbings, A."]
[Result "0-1"]
[WhiteElo "2304"]
[BlackElo "2224"]
[PlyCount "72"]
[EventDate "1987.??.??"]

1. d4 Nf6 2. c4 e6 3. Nf3 Bb4+ 4. Bd2 Qe7 5. g3 Nc6 6. Bg2 Bxd2+ 7. Nbxd2 d6 8.
O-O O-O 9. a3 a5 10. e4 a4 11. e5 dxe5 12. dxe5 Nd7 13. Re1 Rd8 14. Qc2 Nc5 15.
Re3 Bd7 16. Ne4 h6 17. Rae1 Be8 18. Qc3 Rd7 19. g4 Rad8 20. Nxc5 Qxc5 21. g5
Nd4 22. gxh6 Nf5 23. Re4 Rd3 24. Qc1 Bc6 25. Ng5 gxh6 26. Rg4 hxg5 27. Qxg5+
Kf8 28. Bd5 R8xd5 29. cxd5 Qxd5 30. Rge4 Qxe4 31. Rxe4 Bxe4 32. f4 Rd2 33. Qf6
Ne3 34. Qh6+ Ke8 35. f5 Rg2+ 36. Kh1 Rg3# 0-1

[Event "National Club ch."]
[Site "?"]
[Date "1987.02.22"]
[Round "?"]
[White "Stebbings, A."]
[Black "Buckmaster, M."]
[Result "1/2-1/2"]
[WhiteElo "2224"]
[BlackElo "2200"]
[PlyCount "58"]
[EventDate "1987.??.??"]

1. d4 f5 2. Bg5 g6 3. c4 Bg7 4. Nc3 c5 5. d5 d6 6. h4 Qa5 7. Bd2 Nf6 8. Nh3 e5
9. dxe6 Bxe6 10. Nd5 Qd8 11. Bc3 O-O 12. Nhf4 Bf7 13. e3 Na6 14. Be2 Nc7 15.
Bf3 Nfxd5 16. Bxd5 Bxc3+ 17. bxc3 Qf6 18. Rc1 Nxd5 19. Nxd5 Bxd5 20. Qxd5+ Rf7
21. g3 Re8 22. O-O Re5 23. Qd3 Rfe7 24. Rfd1 R7e6 25. Rb1 Qe7 26. Rb2 Qd7 27.
Qb1 b6 28. Rbd2 Re4 29. Qb3 Qe7 1/2-1/2

[Event "Essex league"]
[Site "?"]
[Date "1987.02.26"]
[Round "?"]
[White "Stebbings, A."]
[Black "Coleman, D."]
[Result "0-1"]
[WhiteElo "2224"]
[BlackElo "2136"]
[PlyCount "67"]
[EventDate "1987.??.??"]

1. d4 Nf6 2. c4 g6 3. Nc3 Bg7 4. e4 d6 5. Nge2 O-O 6. Ng3 e5 7. d5 Nbd7 8. h4
h5 9. Bg5 a6 10. Be2 Qe8 11. a4 Nh7 12. Be3 Ndf6 13. f3 Qe7 14. a5 Ne8 15. Nf1
f5 16. Nd2 Nhf6 17. Qb3 Kh8 18. Qa3 c6 19. O-O-O fxe4 20. Ndxe4 cxd5 21. Nxf6
Nxf6 22. Nxd5 Nxd5 23. Rxd5 Rd8 24. Rhd1 Qxh4 25. Rxd6 Rxd6 26. Qxd6 Bf5 27.
Qc7 Rc8 28. Qxb7 Rxc4+ 29. Bxc4 Qxc4+ 30. Kd2 Qd3+ 31. Ke1 Qxe3+ 32. Kf1 Bd3+
33. Rxd3 Qxd3+ 34. Kg1 0-1

[Event "London league"]
[Site "?"]
[Date "1987.03.02"]
[Round "?"]
[White "Taylor, MV."]
[Black "Stebbings, A."]
[Result "1-0"]
[WhiteElo "2072"]
[BlackElo "2224"]
[PlyCount "73"]
[EventDate "1987.??.??"]

1. d4 Nf6 2. c4 e6 3. Nc3 Bb4 4. e3 c5 5. Nge2 cxd4 6. exd4 d5 7. a3 Be7 8. Nf4
O-O 9. Be3 Nc6 10. cxd5 Nxd5 11. Ncxd5 exd5 12. Bd3 Bg5 13. O-O Bxf4 14. Bxf4
Qf6 15. Qh5 g6 16. Be5 Qe7 17. Qd1 Nxe5 18. Re1 f6 19. f4 Qf7 20. fxe5 fxe5 21.
dxe5 Qf2+ 22. Kh1 Be6 23. Rc1 Qxb2 24. Rc7 Rac8 25. Re7 Rce8 26. Rxh7 Bf5 27.
Bxf5 Rxf5 28. Qxd5+ Kxh7 29. Qd7+ Kh6 30. Qxe8 Rf2 31. Qh8+ Kg5 32. h4+ Kg4 33.
Qh6 Qd2 34. Qxg6+ Kxh4 35. Re4+ Rf4 36. Qh6+ Kg3 37. Qg5+ 1-0

[Event "County match"]
[Site "?"]
[Date "1987.03.07"]
[Round "?"]
[White "Stebbings, A."]
[Black "Lee, D."]
[Result "1-0"]
[WhiteElo "2224"]
[BlackElo "2248"]
[PlyCount "67"]
[EventDate "1987.??.??"]

1. d4 d5 2. c4 e6 3. Nc3 Nf6 4. Bg5 Be7 5. e3 c6 6. Nf3 O-O 7. Rc1 Nbd7 8. Bd3
Re8 9. O-O Nf8 10. Qc2 Ng6 11. e4 dxc4 12. Bxc4 Nd7 13. Bxe7 Qxe7 14. Rfe1 e5
15. Rcd1 exd4 16. Nxd4 Nde5 17. Bf1 Qg5 18. Kh1 h5 19. g3 Qf6 20. f4 Ng4 21. e5
Qe7 22. Ne4 h4 23. Nd6 hxg3 24. hxg3 Rd8 25. Bc4 Rxd6 26. exd6 Qxd6 27. Nf3 Qf6
28. Re8+ Nf8 29. Rdd8 Bf5 30. Rxf8+ Kh7 31. Qxf5+ Qxf5 32. Rh8+ Kg6 33. Nh4+
Kf6 34. Nxf5 1-0

[Event "London league"]
[Site "?"]
[Date "1987.03.11"]
[Round "?"]
[White "Stebbings, A."]
[Black "Vlahos, K."]
[Result "1-0"]
[WhiteElo "2224"]
[BlackElo "2120"]
[PlyCount "69"]
[EventDate "1987.??.??"]

1. d4 d5 2. c4 dxc4 3. Nf3 Nf6 4. e3 a6 5. Bxc4 e6 6. O-O c5 7. Qe2 b5 8. Bb3
Bb7 9. Nc3 Nbd7 10. Rd1 Qb6 11. e4 cxd4 12. Nxd4 Bc5 13. Be3 O-O 14. h3 Rfd8
15. f3 Ne5 16. Nc2 Bxe3+ 17. Qxe3 Qxe3+ 18. Nxe3 Kf8 19. Rxd8+ Rxd8 20. Rd1 Ke7
21. Rxd8 Kxd8 22. Bc2 Nh5 23. b4 g5 24. a3 Kc7 25. Kf2 Kb6 26. g3 a5 27. Bb1
Nc6 28. Bd3 Ba6 29. Nc2 Nf6 30. f4 gxf4 31. gxf4 Ne8 32. e5 f6 33. exf6 Nxf6
34. Ke3 h6 35. bxa5+ 1-0

[Event "Kent league"]
[Site "?"]
[Date "1987.03.18"]
[Round "?"]
[White "Stebbings, A."]
[Black "Anderson, J."]
[Result "1-0"]
[WhiteElo "2224"]
[BlackElo "2112"]
[PlyCount "67"]
[EventDate "1987.??.??"]

1. d4 Nf6 2. c4 g6 3. Nc3 d5 4. Bf4 Bg7 5. Rc1 O-O 6. e3 c5 7. dxc5 Qa5 8. cxd5
Ne4 9. Nge2 Rd8 10. Qa4 Qxa4 11. Nxa4 Rxd5 12. f3 Nf6 13. Nec3 e5 14. Nxd5 Nxd5
15. Bg5 h6 16. Bc4 Nb4 17. Bh4 Be6 18. Bxe6 fxe6 19. Rc4 N8c6 20. a3 Nd5 21.
Ke2 a5 22. Rd1 g5 23. Be1 Kf7 24. b3 Bf8 25. Nc3 Rd8 26. Ne4 Be7 27. Rb1 Ra8
28. Bd2 Rc8 29. Rbc1 Ke8 30. b4 axb4 31. axb4 Na7 32. Ra1 b5 33. cxb6 Rxc4 34.
bxa7 1-0

[Event "Essex league"]
[Site "?"]
[Date "1987.04.02"]
[Round "?"]
[White "Stebbings, A."]
[Black "Smith, IB."]
[Result "1/2-1/2"]
[WhiteElo "2224"]
[BlackElo "2016"]
[PlyCount "47"]
[EventDate "1987.??.??"]

1. d4 Nf6 2. c4 g6 3. Nc3 Bg7 4. e4 d6 5. Nge2 O-O 6. Ng3 c5 7. d5 e6 8. Be2
exd5 9. exd5 Re8 10. O-O Na6 11. Bf4 Nc7 12. a4 Qe7 13. h3 h5 14. Bg5 Qf8 15.
Qd2 Nh7 16. Bf4 f5 17. Bd3 Bd7 18. Rfe1 Qf6 19. Bh6 Bh8 20. f4 Rxe1+ 21. Rxe1
Re8 22. Rxe8+ Bxe8 23. Nge2 Qe7 24. Kf1 1/2-1/2